Organizačná kultúra
Salvato in:
| Autore principale: | |
|---|---|
| Natura: | Libro |
| Lingua: | slovacco |
| Pubblicazione: |
Bratislava
Iura Edition
2010
|
| Serie: | Ekonómia
|
| Soggetti: | |
| Tags: |
Nessun Tag, puoi essere il primo ad aggiungerne!!
|
MARC
| LEADER | 00000nam a2200000 4500 | ||
|---|---|---|---|
| 001 | 0121980 | ||
| 005 | 20231215112517.5 | ||
| 020 | |a 978-80-8078-304-4 | ||
| 041 | 0 | |a slo | |
| 044 | |a SK | ||
| 245 | 1 | 0 | |a Organizačná kultúra |c Anna Kachaňáková |
| 264 | 1 | |a Bratislava |b Iura Edition |c 2010 | |
| 300 | |a 137 s. | ||
| 490 | 1 | |a Ekonómia | |
| 830 | 0 | |a Ekonómia | |
| 610 | 2 | 0 | |a kultúra podniková |
| 610 | 2 | 0 | |a identita podniková |
| 610 | 2 | 0 | |a imidž |
| 610 | 2 | 0 | |a práca s verejnosťou |
| 610 | 2 | 0 | |a manažment personálny |
| 610 | 2 | 0 | |a riadenie ľudských zdrojov |
| 100 | 1 | |a Kachaňáková, Anna | |